书目信息 |
| 题名: |
现代应用文写作
|
|
| 作者: | 杨少平 编著 | |
| 分册: | ||
| 出版信息: | 杭州 浙江大学出版社 2005.09 |
|
| 页数: | 323页 | |
| 开本: | 23cm | |
| 丛书名: | ||
| 单 册: | ||
| 中图分类: | H152.3 | |
| 科图分类: | ||
| 主题词: | 汉语--han yu--应用文--写作--高等学校--教材 | |
| 电子资源: | ||
| ISBN: | 7-308-04461-0 | |
| 000 | 00792nam0 2200229 450 | |
| 001 | 012007985645 | |
| 005 | 20070517161831.75 | |
| 010 | @a7-308-04461-0@dCNY28.00 | |
| 100 | @a20070310d2005 km y0chiy0120 ea | |
| 101 | 0 | @achi |
| 102 | @aCN@b330000 | |
| 105 | @aa a 000yy | |
| 200 | 1 | @a现代应用文写作@Axian dai ying yong wen xie zuo@f杨少平编著@Fyang shao ping bian zhu |
| 210 | @a杭州@c浙江大学出版社@d2005.09 | |
| 215 | @a323页@c图@d23cm | |
| 320 | @a有书目 (第322-323页)。 | |
| 330 | @a本书阐述了应用文写作的基本理论,公文写作与处理,种类应用文体的写作方法,演讲稿、辩辞、主持串联词、申辩的写作等。 | |
| 606 | 0 | @a汉语@Ahan yu@x应用文@x写作@x高等学校@j教材 |
| 690 | @aH152.3@v4 | |
| 701 | 0 | @a杨少平@Ayang shao ping@4编著 |
| 801 | 0 | @aCN@c20070517 |
| 905 | @a10447@dH152.3@eY264 | |
| 现代应用文写作/杨少平编著.-杭州:浙江大学出版社,2005.09 |
| 323页:图;23cm |
| ISBN 7-308-04461-0:CNY28.00 |
| 本书阐述了应用文写作的基本理论,公文写作与处理,种类应用文体的写作方法,演讲稿、辩辞、主持串联词、申辩的写作等。 |
| ● |
| 相关链接 |
|
|
|
正题名:现代应用文写作
索取号:H152.3/Y264
 
预约/预借
| 序号 | 登录号 | 条形码 | 馆藏地/架位号 | 状态 | 备注 |
| 1 | 236787 | 202367875 | 语言库209/209语言库 75排4列5层/ [索取号:H152.3/Y264] | 在馆 | |
| 2 | 236788 | 202367884 | 语言库209/209语言库 75排4列5层/ [索取号:H152.3/Y264] | 在馆 | |
| 3 | 236789 | 202367893 | 数理学院资料室/ [索取号:H152.3/Y264] | 在馆 |